00877nam a22002417a 4500003000500000005001700005008004100022010000900063011000900072035000900081040000900090100002600099245025200125260003800377300000900415502006400424650001600488650002400504650003600528650002800564650003000592650001300622CHAP20220817041209.0971013s1992 r 00010 d a8413 a9385 a8620 cCHAP00aGarza Morales, Oscar. aDesarrollo de una metodología, para la obtención de callo in vitro en tres malezas comunes (Amaranthus spinosus L. A. retroflexux L. y Parthenium hysterophorus L.) básico para ensayos alelopáticos con frijol común (Phaseolus vulgaris L.) aMarín, N. L. :bEl autor,c1992 a78 h aTesis (Ing. Agr. Fitotecnista) -- UANL. Fac. de Agronomía14aAlelopatia.14aCultivo de tejidos.14aFrijolxMalas hierbasxControl.14aMalas hierbasxControl.14aParthenium hysterophorus.14aQuelite.